000 00357nam a2200157Ia 4500
003 IT-RoPAU
008 120407s9999 xx 000 0 und d
040 _aIT-RoPAU
040 _cIT-RoPAU
100 _aArnaldo Nesti
245 _aGesù socialista. Una tradizione popolare italiana
260 _aClaudiana
300 _c cm
490 _v1
942 _cBK
999 _c2070
_d2070